Statistics for Top 70 Greatest NFL Players

Click here to take the quiz!

General Stats

  • This quiz has been taken 100 times
    (73 since last reset)
  • The average score is 50 of 70

Answer Stats

PositionPlayer% Correct
QBPatriotsTom Brady
100%
WRVikingsRandy Moss
98%
RBLionsBarry Sanders
97%
CBCowboysDeion Sanders
97%
QB49ersJoe Montana
97%
WR49ersJerry Rice
95%
RBBearsWalter Payton
95%
LBGiantsLawrence Taylor
94%
QBColtsPeyton Manning
94%
DEBillsBruce Smith
90%
RBCowboysEmmitt Smith
90%
RBBrownsJim Brown
90%
LBRavensRay Lewis
90%
TEPatriotsRob Gronkowski
90%
CBRaidersWillie Brown
90%
QBPackersBrett Favre
89%
QBDolphinsDan Marino
89%
QBSaintsDrew Brees
89%
QB49ersSteve Young
89%
SSRavensEd Reed
87%
RBChargersLaDainian Tomlinson
85%
WRLionsCalvin Johnson
84%
QBBroncosJohn Elway
84%
DTSteelersMean Joe Greene
84%
QBCowboysTroy Aikman
84%
QBSteelersTerry Bradshaw
82%
TEChiefsTony Gonzalez
82%
WRColtsMarvin Harrison
79%
RBVikingsAdrian Peterson
77%
QBPackersBart Starr
77%
QBJetsJoe Namath
77%
QBColtsJohnny Unitas
77%
RBRamsMarshall Faulk
77%
DEEaglesReggie White
77%
FS49ersRonnie Lott
76%
RBRamsEric Dickerson
74%
WRSeahawksSteve Largent
74%
KRBearsDevin Hester
73%
QBRamsKurt Warner
73%
WRCowboysMichael Irvin
71%
QBCowboysRoger Staubach
71%
OTBengalsAnthony Munoz
69%
WR49ersTerrell Owens
69%
DERamsDeacon Jones
68%
RBBillsO.J. Simpson
68%
QBBrownsOtto Graham
68%
OTSeahawksWalter Jones
68%
DEGiantsMichael Strahan
66%
CBLionsNight Train Lane
65%
CBSteelersRod Woodson
65%
LBBearsDick Butkus
61%
DTVikingsAlan Page
58%
TEChargersKellen Winslow
58%
LBBearsBrian Urlacher
56%
RBOilersEarl Campbell
56%
OGCowboysLarry Allen
55%
QBRedskinsSammy Baugh
52%
RBBearsGale Sayers
50%
LBBearsMike Singletary
50%
LBBuccaneersDerrick Brooks
48%
CBSteelersMel Blount
48%
OGTitansBruce Matthews
42%
OGRaidersGene Upshaw
39%
FSCardinalsLarry Wilson
37%
DTVikingsJohn Randle
35%
LBChiefsBobby Bell
31%
LBEaglesChuck Bednarik
29%
CDolphinsDwight Stephenson
26%
LBChiefsWillie Lanier
24%
CJetsKevin Mawae
23%

Score Distribution

Percentile by Number Answered

Percent of People with Each Score

Your Score History

You have not taken this quiz since the last reset